| 000 | 01077nam a2200253 a 4500 | ||
|---|---|---|---|
| 001 | 48633 | ||
| 003 | BD-RjUL | ||
| 005 | 20211209054545.0 | ||
| 008 | 160814s2005 ii ||||| |||| 00| 0 ben d | ||
| 020 | _c: IRs.100.00 | ||
| 035 | _a(BD-RjUL)48752 | ||
| 040 |
_aBD-RjUL _bben _cBD-RjUL _dBD-RjUL |
||
| 041 | _aben | ||
| 082 |
_223 _a891.44309 _bCHR 2005 |
||
| 100 |
_aচট্টোপাধ্যায়, প্রসন্নকুমার _9146857 |
||
| 245 | 1 | 0 |
_aরাজনৈতিক উপন্যাস : _bসেকাল ও একাল / _cপ্রসন্নকুমার চট্টোপাধ্যায়, |
| 250 | _a২য় সং. | ||
| 260 |
_aকলকাতা : _bপুস্তক বিপনি, _c২০০৫ |
||
| 300 |
_a২২৪ পৃ. ; _c২৪ সেমি. |
||
| 504 | _aগ্রন্থপঞ্জি সম্বলিত | ||
| 650 |
_aবাংলা উপন্যাস _vইতিহাস ও সমালোচনা _9146858 |
||
| 650 |
_aBengali Fiction _vHistory and Criticism _9126704 |
||
| 942 |
_2ddc _cBK _02 |
||
| 999 |
_c48633 _d48633 |
||